[Event "Deutsche Ländermeisterschaft 2021"]
[Site "Neumünster GER"]
[Date "2021.10.04"]
[Round "5"]
[White "Laux, Dominik"]
[Black "Knüdel, Torben"]
[Result "0-1"]
[Termination "normal"]
[Board "4.3"]
[WhiteElo "2162"]
[BlackElo "2191"]
[WhiteClock "00:23:56"]
[BlackClock "00:27:34"]
[WhiteTeam "Hessen"]
[BlackTeam "Niedersachsen"]
[PlyCount "60"]
[WhiteFideId "12994219"]
[BlackFideId "16208820"]
[EventCountry "GER"]
[EventRounds "7"]
[EventType "team-swiss"]
[EventDate "2021.10.01"]

1. e4 {[%clk 1:30:29]} e5 {[%clk 1:30:55]} 2. Nf3 {[%clk 1:30:44]} Nc6 {[%clk
1:31:21]} 3. Bc4 {[%clk 1:30:28]} Nf6 {[%clk 1:31:43]} 4. d3 {[%clk 1:29:43]}
Bc5 {[%clk 1:32:04]} 5. c3 {[%clk 1:28:56]} a6 {[%clk 1:32:21]} 6. Bb3 {[%clk
1:27:54]} Ba7 {[%clk 1:32:34]} 7. O-O {[%clk 1:27:43]} d6 {[%clk 1:32:44]} 8.
Nbd2 {[%clk 1:27:42]} O-O {[%clk 1:32:58]} 9. h3 {[%clk 1:27:27]} Kh8 {[%clk
1:33:17]} 10. Re1 {[%clk 1:26:50]} Nh5 {[%clk 1:33:12]} 11. Nf1 {[%clk
1:23:03]} f5 {[%clk 1:33:33]} 12. exf5 {[%clk 1:21:51]} Bxf5 {[%clk 1:33:53]}
13. d4 {[%clk 1:17:41]} Qf6 {[%clk 1:28:02]} 14. Ne3 {[%clk 1:12:34]} Bxh3
{[%clk 1:21:06]} 15. Nd5 {[%clk 1:04:58]} Qg6 {[%clk 1:14:59]} 16. Nh4 {[%clk
1:03:08]} Qg4 {[%clk 1:11:56]} 17. Qxg4 {[%clk 1:02:00]} Bxg4 {[%clk 1:11:39]}
18. Re4 {[%clk 1:01:03]} Be6 {[%clk 1:05:50]} 19. Nxc7 {[%clk 0:58:43]} Bxb3
{[%clk 1:06:01]} 20. axb3 {[%clk 0:58:11]} Rac8 {[%clk 1:05:40]} 21. Ne6 {[%clk
0:56:05]} Rf6 {[%clk 1:03:47]} 22. Ng5 {[%clk 0:48:30]} d5 {[%clk 0:59:51]} 23.
Re1 {[%clk 0:46:17]} h6 {[%clk 0:56:17]} 24. Ngf3 {[%clk 0:32:56]} exd4 {[%clk
0:35:28]} 25. g4 {[%clk 0:30:32]} g5 {[%clk 0:34:02]} 26. Nxg5 {[%clk 0:28:28]}
dxc3 {[%clk 0:32:07]} 27. Ngf3 {[%clk 0:27:18]} Rg8 {[%clk 0:31:42]} 28. bxc3
{[%clk 0:27:07]} Rxg4+ {[%clk 0:31:07]} 29. Kf1 {[%clk 0:27:18]} Rxh4 {[%clk
0:27:14]} 30. Nxh4 {[%clk 0:23:56]} Rxf2+ {[%clk 0:27:34]} 0-1

[Event "Deutsche Ländermeisterschaft 2021"]
[Site "Neumünster GER"]
[Date "2021.10.04"]
[Round "5"]
[White "Payyappat, Sreyas"]
[Black "Bakiev, Diyor"]
[Result "0-1"]
[Termination "normal"]
[Board "4.4"]
[WhiteElo "2244"]
[BlackElo "2096"]
[WhiteClock "00:06:51"]
[BlackClock "00:17:26"]
[WhiteTeam "Niedersachsen"]
[BlackTeam "Hessen"]
[PlyCount "108"]
[WhiteFideId "46674969"]
[BlackFideId "16241584"]
[EventCountry "GER"]
[EventRounds "7"]
[EventType "team-swiss"]
[EventDate "2021.10.01"]

1. e4 {[%clk 1:30:57]} c6 {[%clk 1:30:56]} 2. d4 {[%clk 1:31:23]} d5 {[%clk
1:31:23]} 3. Nc3 {[%clk 1:31:49]} dxe4 {[%clk 1:31:49]} 4. Nxe4 {[%clk
1:32:13]} Bf5 {[%clk 1:32:15]} 5. Ng3 {[%clk 1:32:38]} Bg6 {[%clk 1:32:41]} 6.
Nf3 {[%clk 1:33:01]} Nd7 {[%clk 1:32:57]} 7. h4 {[%clk 1:33:27]} h6 {[%clk
1:33:21]} 8. Bd3 {[%clk 1:33:53]} Bxd3 {[%clk 1:33:38]} 9. Qxd3 {[%clk
1:34:18]} e6 {[%clk 1:33:08]} 10. Bd2 {[%clk 1:34:28]} Ngf6 {[%clk 1:33:08]}
11. O-O-O {[%clk 1:34:43]} Be7 {[%clk 1:32:26]} 12. Ne4 {[%clk 1:31:23]} Nxe4
{[%clk 1:31:42]} 13. Qxe4 {[%clk 1:31:48]} Nf6 {[%clk 1:31:54]} 14. Qe2 {[%clk
1:31:45]} Qd5 {[%clk 1:31:20]} 15. c4 {[%clk 1:24:18]} Qe4 {[%clk 1:31:10]} 16.
Be3 {[%clk 1:24:23]} Ng4 {[%clk 1:20:44]} 17. Nd2 {[%clk 1:14:32]} Qf5 {[%clk
1:20:13]} 18. f3 {[%clk 1:13:45]} Nxe3 {[%clk 1:20:26]} 19. Qxe3 {[%clk
1:14:12]} Bd6 {[%clk 1:13:16]} 20. g4 {[%clk 1:08:59]} Bf4 {[%clk 0:51:45]} 21.
Qa3 {[%clk 0:57:53]} Qf6 {[%clk 0:48:13]} 22. Kb1 {[%clk 0:33:33]} Qe7 {[%clk
0:43:28]} 23. Qa4 {[%clk 0:31:34]} O-O {[%clk 0:42:19]} 24. Qc2 {[%clk
0:30:02]} Rad8 {[%clk 0:39:24]} 25. Ne4 {[%clk 0:26:54]} f5 {[%clk 0:34:58]}
26. gxf5 {[%clk 0:26:22]} exf5 {[%clk 0:35:10]} 27. Nc5 {[%clk 0:25:50]} b6
{[%clk 0:29:39]} 28. Nb3 {[%clk 0:21:32]} a5 {[%clk 0:25:40]} 29. d5 {[%clk
0:18:45]} cxd5 {[%clk 0:18:55]} 30. Rhe1 {[%clk 0:13:56]} Qb4 {[%clk 0:12:49]}
31. cxd5 {[%clk 0:11:17]} Rxd5 {[%clk 0:12:10]} 32. a3 {[%clk 0:09:25]} Rxd1+
{[%clk 0:10:45]} 33. Rxd1 {[%clk 0:09:32]} Qe7 {[%clk 0:09:25]} 34. Qc4+ {[%clk
0:08:53]} Qf7 {[%clk 0:09:50]} 35. Nxa5 {[%clk 0:08:23]} Bg3 {[%clk 0:08:29]}
36. Rd7 {[%clk 0:05:24]} Qxc4 {[%clk 0:06:13]} 37. Nxc4 {[%clk 0:05:47]} Bxh4
{[%clk 0:06:17]} 38. Nxb6 {[%clk 0:05:48]} g5 {[%clk 0:05:58]} 39. Rd6 {[%clk
0:05:22]} Kg7 {[%clk 0:05:27]} 40. Nc4 {[%clk 0:02:55]} g4 {[%clk 0:02:37]} 41.
fxg4 {[%clk 0:01:54]} fxg4 {[%clk 0:29:43]} 42. Ne5 {[%clk 0:19:57]} g3 {[%clk
0:21:40]} 43. Rg6+ {[%clk 0:19:33]} Kh7 {[%clk 0:22:02]} 44. Rg4 {[%clk
0:19:31]} Rf5 {[%clk 0:20:47]} 45. Nd3 {[%clk 0:08:21]} Rg5 {[%clk 0:20:13]}
46. Rxg5 {[%clk 0:08:06]} Bxg5 {[%clk 0:20:33]} 47. Ne1 {[%clk 0:08:10]} h5
{[%clk 0:20:01]} 48. Nf3 {[%clk 0:07:30]} Kg6 {[%clk 0:18:50]} 49. Kc2 {[%clk
0:07:18]} h4 {[%clk 0:19:09]} 50. Ng1 {[%clk 0:07:38]} Be3 {[%clk 0:18:54]} 51.
Ne2 {[%clk 0:07:26]} g2 {[%clk 0:17:59]} 52. Kd3 {[%clk 0:07:43]} h3 {[%clk
0:17:28]} 53. Kxe3 {[%clk 0:06:48]} h2 {[%clk 0:17:40]} 54. Nf4+ {[%clk
0:06:51]} Kf5 {[%clk 0:17:26]} 0-1

[Event "Deutsche Ländermeisterschaft 2021"]
[Site "Neumünster GER"]
[Date "2021.10.04"]
[Round "5"]
[White "Reinecke, Katharina"]
[Black "Nizamova, Rita"]
[Result "0-1"]
[Termination "normal"]
[Board "4.5"]
[WhiteElo "1945"]
[BlackElo "1715"]
[WhiteClock "00:09:34"]
[BlackClock "00:42:16"]
[WhiteTeam "Hessen"]
[BlackTeam "Niedersachsen"]
[PlyCount "106"]
[WhiteFideId "12929727"]
[BlackFideId "16221940"]
[EventCountry "GER"]
[EventRounds "7"]
[EventType "team-swiss"]
[EventDate "2021.10.01"]

1. b3 {[%clk 1:30:55]} d5 {[%clk 1:30:33]} 2. Bb2 {[%clk 1:30:51]} c5 {[%clk
1:30:54]} 3. e3 {[%clk 1:29:57]} Nc6 {[%clk 1:31:17]} 4. Bb5 {[%clk 1:29:29]}
Nf6 {[%clk 1:31:17]} 5. f4 {[%clk 1:24:19]} e6 {[%clk 1:29:50]} 6. Nf3 {[%clk
1:21:22]} Bd7 {[%clk 1:28:40]} 7. O-O {[%clk 1:18:27]} Be7 {[%clk 1:23:16]} 8.
d3 {[%clk 1:16:04]} Qb6 {[%clk 1:21:52]} 9. c4 {[%clk 1:06:41]} O-O {[%clk
1:21:26]} 10. Ne5 {[%clk 1:03:48]} Rfd8 {[%clk 1:16:16]} 11. Qf3 {[%clk
0:57:51]} Nb4 {[%clk 1:10:44]} 12. Nc3 {[%clk 0:40:52]} Bxb5 {[%clk 1:05:17]}
13. Nxb5 {[%clk 0:33:18]} Nxd3 {[%clk 1:00:58]} 14. Nxd3 {[%clk 0:25:32]} dxc4
{[%clk 1:01:20]} 15. Ne5 {[%clk 0:24:56]} Qxb5 {[%clk 1:01:22]} 16. Nxc4 {[%clk
0:25:06]} Rd7 {[%clk 0:57:32]} 17. g4 {[%clk 0:21:43]} Rad8 {[%clk 0:50:55]}
18. g5 {[%clk 0:18:43]} Ne8 {[%clk 0:47:41]} 19. f5 {[%clk 0:12:18]} exf5
{[%clk 0:43:19]} 20. Qxf5 {[%clk 0:11:55]} Nd6 {[%clk 0:43:31]} 21. Qf4 {[%clk
0:04:00]} Bf8 {[%clk 0:39:51]} 22. Ne5 {[%clk 0:04:19]} Re7 {[%clk 0:39:24]}
23. Rad1 {[%clk 0:04:23]} Qe2 {[%clk 0:38:14]} 24. Ba1 {[%clk 0:02:00]} Qh5
{[%clk 0:34:10]} 25. h4 {[%clk 0:01:50]} b6 {[%clk 0:32:38]} 26. Rd5 {[%clk
0:01:07]} Nb7 {[%clk 0:32:44]} 27. Rxd8 {[%clk 0:00:53]} Nxd8 {[%clk 0:30:45]}
28. Qc4 {[%clk 0:00:37]} h6 {[%clk 0:23:50]} 29. g6 {[%clk 0:00:46]} Rxe5
{[%clk 0:23:54]} 30. gxf7+ Kh8 {[%clk 0:22:51]} 31. Bxe5 {[%clk 0:01:08]} Qxe5
{[%clk 0:23:12]} 32. Qf4 {[%clk 0:00:40]} Qe7 {[%clk 0:22:10]} 33. e4 {[%clk
0:00:43]} g6 {[%clk 0:21:33]} 34. Qf6+ {[%clk 0:00:50]} Qxf6 {[%clk 0:21:45]}
35. Rxf6 {[%clk 0:01:19]} Kg7 {[%clk 0:22:13]} 36. Rf2 {[%clk 0:00:36]} Nxf7
{[%clk 0:21:56]} 37. Kg2 {[%clk 0:00:40]} Ne5 {[%clk 0:21:42]} 38. Rd2 {[%clk
0:00:43]} Be7 {[%clk 0:21:10]} 39. Rd5 {[%clk 0:00:47]} Kf6 {[%clk 0:21:20]}
40. Kg3 {[%clk 0:00:48]} Ke6 {[%clk 0:20:18]} 41. Rd1 {[%clk 0:22:55]} Nc6
{[%clk 0:49:26]} 42. Rd5 {[%clk 0:20:51]} Nb4 {[%clk 0:48:09]} 43. Rd2 {[%clk
0:20:55]} Bf6 {[%clk 0:45:04]} 44. a3 {[%clk 0:18:34]} Nc6 {[%clk 0:45:25]} 45.
Kh3 {[%clk 0:15:28]} Nd4 {[%clk 0:45:17]} 46. b4 {[%clk 0:13:51]} c4 {[%clk
0:45:06]} 47. a4 {[%clk 0:13:14]} a6 {[%clk 0:44:59]} 48. Kg4 {[%clk 0:13:20]}
c3 {[%clk 0:41:07]} 49. Rd3 {[%clk 0:11:49]} c2 {[%clk 0:41:36]} 50. Rc3 {[%clk
0:11:50]} Ke5 {[%clk 0:41:43]} 51. b5 {[%clk 0:10:06]} axb5 {[%clk 0:42:02]}
52. axb5 {[%clk 0:10:31]} h5+ {[%clk 0:41:57]} 53. Kh3 {[%clk 0:09:34]} g5
{[%clk 0:42:16]} 0-1

[Event "Deutsche Ländermeisterschaft 2021"]
[Site "Neumünster GER"]
[Date "2021.10.04"]
[Round "5"]
[White "Sauer, Tim"]
[Black "Buchholz, Maja"]
[Result "0-1"]
[Termination "normal"]
[Board "4.6"]
[WhiteElo "1703"]
[BlackElo "1748"]
[WhiteClock "00:01:09"]
[BlackClock "00:34:19"]
[WhiteTeam "Niedersachsen"]
[BlackTeam "Hessen"]
[PlyCount "94"]
[WhiteFideId "16265726"]
[BlackFideId "16200500"]
[EventCountry "GER"]
[EventRounds "7"]
[EventType "team-swiss"]
[EventDate "2021.10.01"]

1. e4 {[%clk 1:30:57]} c5 {[%clk 1:30:43]} 2. Nc3 {[%clk 1:31:16]} Nc6 {[%clk
1:30:54]} 3. g3 {[%clk 1:31:36]} g6 {[%clk 1:31:13]} 4. Bg2 {[%clk 1:31:56]}
Bg7 {[%clk 1:31:36]} 5. Nge2 {[%clk 1:32:18]} e6 {[%clk 1:31:42]} 6. O-O {[%clk
1:32:31]} Nge7 {[%clk 1:32:00]} 7. d3 {[%clk 1:32:51]} O-O {[%clk 1:32:14]} 8.
f4 {[%clk 1:33:05]} d5 {[%clk 1:32:04]} 9. h3 {[%clk 1:31:18]} Rb8 {[%clk
1:28:21]} 10. a4 {[%clk 1:30:51]} a6 {[%clk 1:26:10]} 11. g4 {[%clk 1:28:12]}
dxe4 {[%clk 1:24:31]} 12. dxe4 {[%clk 1:23:32]} Nb4 {[%clk 1:21:12]} 13. Be3
{[%clk 1:08:44]} b6 {[%clk 1:14:34]} 14. Qc1 {[%clk 1:06:02]} Bd7 {[%clk
1:08:06]} 15. Ng3 {[%clk 0:43:32]} Qc8 {[%clk 1:06:51]} 16. f5 {[%clk 0:32:35]}
Be5 {[%clk 0:53:36]} 17. f6 {[%clk 0:18:13]} Nec6 {[%clk 0:52:47]} 18. Bf4
{[%clk 0:14:34]} Bxf4 {[%clk 0:48:17]} 19. Qxf4 {[%clk 0:14:07]} Kh8 {[%clk
0:47:53]} 20. Qh6 {[%clk 0:13:35]} Rg8 {[%clk 0:48:14]} 21. e5 {[%clk 0:12:43]}
Qf8 {[%clk 0:44:18]} 22. Qf4 {[%clk 0:12:00]} Nxc2 {[%clk 0:43:05]} 23. Rad1
{[%clk 0:07:56]} N6d4 {[%clk 0:40:49]} 24. g5 {[%clk 0:07:45]} Bc6 {[%clk
0:36:20]} 25. Bxc6 {[%clk 0:07:55]} Nxc6 {[%clk 0:36:47]} 26. Nce4 {[%clk
0:06:18]} N6d4 {[%clk 0:35:51]} 27. Kh2 {[%clk 0:04:46]} Nb4 {[%clk 0:34:27]}
28. Nc3 {[%clk 0:03:37]} Rd8 {[%clk 0:33:42]} 29. Nge4 {[%clk 0:03:15]} Nd5
{[%clk 0:33:13]} 30. Nxd5 {[%clk 0:03:25]} exd5 {[%clk 0:33:01]} 31. Nc3 {[%clk
0:01:53]} h5 {[%clk 0:32:07]} 32. Qg3 {[%clk 0:01:45]} Qe8 {[%clk 0:32:06]} 33.
Rfe1 {[%clk 0:00:44]} Qe6 {[%clk 0:32:04]} 34. Na2 {[%clk 0:00:34]} Qf5 {[%clk
0:31:50]} 35. Rxd4 {[%clk 0:00:31]} cxd4 {[%clk 0:32:07]} 36. Qg2 {[%clk
0:00:32]} Rge8 {[%clk 0:31:58]} 37. Qe2 {[%clk 0:00:32]} d3 {[%clk 0:31:39]}
38. Qd2 {[%clk 0:00:31]} Rxe5 {[%clk 0:31:54]} 39. Rxe5 {[%clk 0:00:36]} Qxe5+
{[%clk 0:32:20]} 40. Kg2 {[%clk 0:00:37]} Qe2+ {[%clk 0:32:44]} 41. Qxe2 {[%clk
0:01:05]} dxe2 {[%clk 0:33:07]} 42. Kf2 {[%clk 0:01:19]} Re8 {[%clk 0:33:14]}
43. Ke1 {[%clk 0:01:39]} a5 {[%clk 0:33:33]} 44. Nc1 {[%clk 0:01:23]} d4 {[%clk
0:34:00]} 45. Nd3 {[%clk 0:01:30]} Re3 {[%clk 0:34:21]} 46. Nf4 {[%clk
0:01:34]} d3 {[%clk 0:34:40]} 47. Ng2 {[%clk 0:01:09]} Rg3 {[%clk 0:34:19]} 0-1

[Event "Deutsche Ländermeisterschaft 2021"]
[Site "Neumünster GER"]
[Date "2021.10.04"]
[Round "5"]
[White "Buchinger, Alexis"]
[Black "Zöllner, Bente"]
[Result "1-0"]
[Termination "normal"]
[Board "4.7"]
[WhiteElo "1614"]
[BlackElo "1596"]
[WhiteClock "00:17:22"]
[BlackClock "00:02:45"]
[WhiteTeam "Hessen"]
[BlackTeam "Niedersachsen"]
[PlyCount "79"]
[WhiteFideId "16287134"]
[BlackFideId "16230523"]
[EventCountry "GER"]
[EventRounds "7"]
[EventType "team-swiss"]
[EventDate "2021.10.01"]

1. c4 {[%clk 1:30:42]} Nf6 {[%clk 1:29:55]} 2. g3 {[%clk 1:30:46]} c5 {[%clk
1:29:07]} 3. Bg2 {[%clk 1:30:59]} Nc6 {[%clk 1:28:51]} 4. Nc3 {[%clk 1:30:31]}
g6 {[%clk 1:27:53]} 5. e4 {[%clk 1:30:26]} Bg7 {[%clk 1:27:36]} 6. d3 {[%clk
1:30:29]} d6 {[%clk 1:27:02]} 7. Nge2 {[%clk 1:30:28]} Rb8 {[%clk 1:24:42]} 8.
O-O {[%clk 1:29:51]} O-O {[%clk 1:23:37]} 9. Be3 {[%clk 1:30:04]} a6 {[%clk
1:21:39]} 10. h3 {[%clk 1:29:06]} b5 {[%clk 1:19:46]} 11. Qd2 {[%clk 1:22:01]}
Be6 {[%clk 1:11:29]} 12. f4 {[%clk 1:21:01]} Bd7 {[%clk 1:04:19]} 13. g4 {[%clk
1:15:00]} Qb6 {[%clk 1:01:03]} 14. g5 {[%clk 1:13:31]} Ne8 {[%clk 0:56:02]} 15.
cxb5 {[%clk 1:10:14]} axb5 {[%clk 0:54:18]} 16. f5 {[%clk 1:09:22]} Qa5 {[%clk
0:48:33]} 17. a3 {[%clk 1:06:13]} Nd4 {[%clk 0:42:24]} 18. b4 {[%clk 0:50:19]}
cxb4 {[%clk 0:35:31]} 19. Nd5 {[%clk 0:30:29]} Nxe2+ {[%clk 0:28:08]} 20. Qxe2
{[%clk 0:30:49]} Bxa1 {[%clk 0:22:53]} 21. Nxe7+ {[%clk 0:30:51]} Kg7 {[%clk
0:22:27]} 22. Rxa1 {[%clk 0:30:53]} f6 {[%clk 0:20:10]} 23. Qd2 {[%clk
0:24:09]} Kf7 {[%clk 0:17:34]} 24. Nd5 {[%clk 0:20:19]} fxg5 {[%clk 0:14:24]}
25. fxg6+ {[%clk 0:19:26]} hxg6 {[%clk 0:12:46]} 26. Rf1+ {[%clk 0:18:34]} Nf6
{[%clk 0:07:51]} 27. Rxf6+ {[%clk 0:18:20]} Kg7 {[%clk 0:07:38]} 28. Bxg5
{[%clk 0:18:28]} Qa7+ {[%clk 0:07:13]} 29. Be3 {[%clk 0:18:29]} Qxa3 {[%clk
0:06:47]} 30. Bh6+ {[%clk 0:18:33]} Kh7 {[%clk 0:06:38]} 31. Rxf8 {[%clk
0:18:13]} Qa1+ {[%clk 0:06:23]} 32. Kh2 {[%clk 0:17:37]} Rxf8 {[%clk 0:05:58]}
33. Bxf8 {[%clk 0:17:29]} Qe5+ {[%clk 0:05:33]} 34. Kg1 {[%clk 0:17:37]} Qd4+
{[%clk 0:05:20]} 35. Qf2 {[%clk 0:16:40]} Qxf2+ {[%clk 0:04:47]} 36. Kxf2
{[%clk 0:17:03]} b3 {[%clk 0:04:56]} 37. Bxd6 {[%clk 0:17:00]} Be6 {[%clk
0:03:29]} 38. Ba3 {[%clk 0:17:18]} Kg7 {[%clk 0:03:23]} 39. Nc3 {[%clk
0:17:35]} Bd7 {[%clk 0:02:45]} 40. d4 {[%clk 0:17:22]} 1-0

[Event "Deutsche Ländermeisterschaft 2021"]
[Site "Neumünster GER"]
[Date "2021.10.04"]
[Round "5"]
[White "Oellrich, Emma"]
[Black "Neininger, Sarah"]
[Result "1/2-1/2"]
[Termination "normal"]
[Board "4.8"]
[WhiteElo "1487"]
[BlackElo "1412"]
[WhiteClock "00:58:15"]
[BlackClock "00:31:13"]
[WhiteTeam "Niedersachsen"]
[BlackTeam "Hessen"]
[PlyCount "117"]
[WhiteFideId "16268806"]
[BlackFideId "16287410"]
[EventCountry "GER"]
[EventRounds "7"]
[EventType "team-swiss"]
[EventDate "2021.10.01"]

1. d4 {[%clk 1:30:58]} d5 {[%clk 1:30:52]} 2. c4 {[%clk 1:31:24]} dxc4 {[%clk
1:31:14]} 3. e3 {[%clk 1:31:46]} e5 {[%clk 1:31:34]} 4. Bxc4 {[%clk 1:26:43]}
exd4 {[%clk 1:31:31]} 5. exd4 {[%clk 1:27:08]} Bd6 {[%clk 1:31:33]} 6. Nc3
{[%clk 1:27:00]} Nf6 {[%clk 1:31:20]} 7. Nf3 {[%clk 1:25:56]} O-O {[%clk
1:30:53]} 8. O-O {[%clk 1:25:59]} Nc6 {[%clk 1:30:27]} 9. Bg5 {[%clk 1:25:37]}
h6 {[%clk 1:30:11]} 10. Bh4 {[%clk 1:25:56]} Bf5 {[%clk 1:29:08]} 11. Qb3
{[%clk 1:23:09]} Na5 {[%clk 1:28:38]} 12. Qb5 {[%clk 1:20:08]} Nxc4 {[%clk
1:28:34]} 13. Qxf5 {[%clk 1:20:00]} Be7 {[%clk 1:18:46]} 14. Bxf6 {[%clk
1:19:36]} Bxf6 {[%clk 1:19:02]} 15. Nd5 {[%clk 1:19:57]} Be7 {[%clk 1:17:21]}
16. Nxe7+ {[%clk 1:15:56]} Qxe7 {[%clk 1:17:37]} 17. Qc5 {[%clk 1:15:45]} Nd6
{[%clk 1:16:48]} 18. Rfe1 {[%clk 1:15:53]} Qd7 {[%clk 1:16:04]} 19. Ne5 {[%clk
1:16:09]} Qd8 {[%clk 1:16:01]} 20. Rac1 {[%clk 1:16:16]} c6 {[%clk 1:14:53]}
21. d5 {[%clk 1:16:37]} cxd5 {[%clk 1:14:14]} 22. Qxd5 {[%clk 1:16:41]} Nf5
{[%clk 1:13:50]} 23. Qxb7 {[%clk 1:15:15]} Qb6 {[%clk 1:05:32]} 24. Qxb6 {[%clk
1:13:55]} axb6 {[%clk 1:05:49]} 25. Nd7 {[%clk 1:14:18]} Rfd8 {[%clk 1:05:29]}
26. Nxb6 {[%clk 1:14:05]} Rxa2 {[%clk 1:05:25]} 27. Nc4 {[%clk 1:14:07]} Nd4
{[%clk 1:02:41]} 28. Red1 {[%clk 1:13:30]} Kh7 {[%clk 1:00:41]} 29. Kf1 {[%clk
1:13:12]} Nb3 {[%clk 0:58:51]} 30. Rxd8 {[%clk 1:10:37]} Nxc1 {[%clk 0:58:51]}
31. Rd1 {[%clk 1:11:00]} Nb3 {[%clk 0:58:35]} 32. Rd3 {[%clk 1:09:53]} Ra1+
{[%clk 0:58:46]} 33. Ke2 {[%clk 1:09:27]} Nc1+ {[%clk 0:59:08]} 34. Kd2 {[%clk
1:09:47]} Nxd3 {[%clk 0:59:28]} 35. Kxd3 {[%clk 1:10:16]} Kg6 {[%clk 0:58:31]}
36. b4 {[%clk 1:10:22]} Kf6 {[%clk 0:58:12]} 37. Kd4 {[%clk 1:10:37]} Ke6
{[%clk 0:58:04]} 38. Kc5 {[%clk 1:10:34]} Ra8 {[%clk 0:56:41]} 39. Nb6 {[%clk
1:10:38]} Rb8 {[%clk 0:56:41]} 40. Kc6 {[%clk 1:10:43]} Rd8 {[%clk 0:51:53]}
41. b5 {[%clk 1:10:45]} Rd2 {[%clk 0:49:31]} 42. Na4 {[%clk 1:09:57]} Ra2
{[%clk 0:43:15]} 43. Nc5+ {[%clk 1:09:02]} Ke7 {[%clk 0:43:20]} 44. b6 {[%clk
1:01:37]} Rxf2 {[%clk 0:37:08]} 45. b7 {[%clk 1:01:38]} Rb2 {[%clk 0:37:14]}
46. Na6 {[%clk 1:01:13]} Rxb7 {[%clk 0:32:54]} 47. Kxb7 {[%clk 1:01:29]} Kf6
{[%clk 0:32:53]} 48. Kc6 {[%clk 1:01:52]} g5 {[%clk 0:32:24]} 49. Kd5 {[%clk
1:02:12]} Kf5 {[%clk 0:32:37]} 50. g3 {[%clk 1:01:47]} Kg4 {[%clk 0:32:35]} 51.
Ke4 {[%clk 1:01:26]} h5 {[%clk 0:32:31]} 52. h3+ {[%clk 0:59:02]} Kxg3 {[%clk
0:32:32]} 53. Kf5 {[%clk 0:58:17]} g4 {[%clk 0:32:05]} 54. hxg4 {[%clk
0:58:20]} hxg4 {[%clk 0:32:16]} 55. Nc5 {[%clk 0:58:30]} Kh4 {[%clk 0:31:27]}
56. Ne4 {[%clk 0:57:57]} f6 {[%clk 0:31:11]} 57. Kxf6 {[%clk 0:57:57]} Kh3
{[%clk 0:30:59]} 58. Nf2+ {[%clk 0:58:15]} Kg3 {[%clk 0:31:13]} 59. Nxg4
1/2-1/2

[Event "Deutsche Ländermeisterschaft 2021"]
[Site "Neumünster GER"]
[Date "2021.10.04"]
[Round "5"]
[White "Farokhi, Keyvan"]
[Black "Roseneck, Jonas"]
[Result "1-0"]
[Termination "normal"]
[Board "5.1"]
[BlackTitle "FM"]
[WhiteElo "2238"]
[BlackElo "2403"]
[WhiteClock "00:33:16"]
[BlackClock "00:28:50"]
[WhiteTeam "Schleswig-Holstein"]
[BlackTeam "Sachsen-Anhalt"]
[PlyCount "103"]
[WhiteFideId "12998630"]
[BlackFideId "12939870"]
[EventCountry "GER"]
[EventRounds "7"]
[EventType "team-swiss"]
[EventDate "2021.10.01"]

1. e4 {[%clk 1:30:49]} c5 {[%clk 1:31:00]} 2. Nf3 {[%clk 1:31:04]} d6 {[%clk
1:31:29]} 3. d4 {[%clk 1:31:27]} cxd4 {[%clk 1:31:58]} 4. Nxd4 {[%clk 1:31:50]}
Nf6 {[%clk 1:32:25]} 5. Nc3 {[%clk 1:32:12]} a6 {[%clk 1:32:54]} 6. Bg5 {[%clk
1:32:26]} e6 {[%clk 1:32:33]} 7. f4 {[%clk 1:32:43]} Be7 {[%clk 1:33:01]} 8.
Qf3 {[%clk 1:32:59]} Qc7 {[%clk 1:33:30]} 9. O-O-O {[%clk 1:33:17]} Nbd7 {[%clk
1:33:59]} 10. f5 {[%clk 1:33:37]} Ne5 {[%clk 1:26:09]} 11. Qh3 {[%clk 1:33:56]}
Nfg4 {[%clk 1:19:17]} 12. Bxe7 {[%clk 1:30:28]} Qxe7 {[%clk 1:18:54]} 13. Qg3
{[%clk 1:29:31]} h5 {[%clk 0:57:46]} 14. Kb1 {[%clk 1:16:36]} Bd7 {[%clk
0:53:13]} 15. h3 {[%clk 1:15:20]} Nf6 {[%clk 0:52:32]} 16. Nf3 {[%clk 1:13:05]}
exf5 {[%clk 0:44:49]} 17. exf5 {[%clk 1:11:02]} O-O {[%clk 0:44:42]} 18. Nxe5
{[%clk 1:02:00]} dxe5 {[%clk 0:38:33]} 19. Bd3 {[%clk 1:00:08]} Rac8 {[%clk
0:34:04]} 20. Ne4 {[%clk 0:54:11]} Bxf5 {[%clk 0:32:15]} 21. Nd6 {[%clk
0:50:06]} Be6 {[%clk 0:26:04]} 22. Nxc8 {[%clk 0:48:59]} Rxc8 {[%clk 0:26:30]}
23. Qg5 {[%clk 0:45:35]} e4 {[%clk 0:23:08]} 24. Be2 {[%clk 0:41:58]} Qb4
{[%clk 0:15:40]} 25. Qd2 {[%clk 0:38:44]} Qc5 {[%clk 0:13:41]} 26. c3 {[%clk
0:26:20]} Qa5 {[%clk 0:07:08]} 27. c4 {[%clk 0:25:09]} Qf5 {[%clk 0:06:04]} 28.
g4 {[%clk 0:23:51]} Qg6 {[%clk 0:04:51]} 29. Ka1 {[%clk 0:22:25]} h4 {[%clk
0:04:48]} 30. Qf4 {[%clk 0:19:11]} Nd7 {[%clk 0:01:05]} 31. Rd4 {[%clk
0:18:21]} Nc5 {[%clk 0:01:12]} 32. Rhd1 {[%clk 0:17:45]} Nd3 {[%clk 0:00:59]}
33. Bxd3 {[%clk 0:12:00]} exd3 {[%clk 0:01:28]} 34. b3 b5 35. cxb5 {[%clk
0:11:38]} axb5 {[%clk 0:01:09]} 36. R1xd3 {[%clk 0:10:36]} Rc5 {[%clk 0:01:39]}
37. Qd6 {[%clk 0:10:18]} Rc8 {[%clk 0:00:36]} 38. Qe7 {[%clk 0:09:47]} Qh6
{[%clk 0:00:31]} 39. Rd8+ {[%clk 0:08:59]} Rxd8 {[%clk 0:01:00]} 40. Qxd8+
{[%clk 0:07:52]} Kh7 {[%clk 0:01:21]} 41. Kb2 {[%clk 0:07:37]} Kg6 {[%clk
0:30:30]} 42. Qd4 {[%clk 0:35:28]} Qg5 {[%clk 0:30:35]} 43. Re3 {[%clk
0:34:21]} Qd5 {[%clk 0:28:56]} 44. Qxd5 {[%clk 0:33:55]} Bxd5 {[%clk 0:29:25]}
45. Kc3 {[%clk 0:34:04]} f5 {[%clk 0:29:30]} 46. Kd4 {[%clk 0:33:51]} f4 {[%clk
0:29:44]} 47. Re5 {[%clk 0:33:00]} Bg2 {[%clk 0:30:02]} 48. Rxb5 {[%clk
0:32:51]} Bxh3 {[%clk 0:30:16]} 49. Ke4 {[%clk 0:32:59]} Bxg4 {[%clk 0:27:59]}
50. Kxf4 {[%clk 0:33:21]} Bd7 {[%clk 0:28:27]} 51. Rc5 {[%clk 0:33:12]} Kf6
{[%clk 0:28:50]} 52. a4 {[%clk 0:33:16]} 1-0